Statistiques concernant Tous les pokémon de Lévy

Cliquez ici pour prendre le quiz!

Statistiques générales

  • Ce quiz a été pris 18 fois
  • Le résultat moyen est 8 sur 12

Statistiques - réponses

HintRéponse% Correct
Rubis & SaphirSolaroc
100%
Roigada
79%
Archéodong
71%
Gallame
71%
EmeraudeKaorine
71%
Xatu
71%
Noir2 & Blanc2Groret
64%
Hypnomade
64%
Symbios
64%
Eoko
50%
Soporifik
50%
Ramoloss
43%

Distribution des résultats

Percentile par nombre de réponses

% des personnes avec chaque résultat

Votre développement - résultats

Vous n’avez pas pris ce quiz